<?xml version="1.0" encoding="UTF-8"?><?xml-stylesheet type="text/xsl" href="static/style.xsl"?><OAI-PMH xmlns="http://www.openarchives.org/OAI/2.0/" xmlns:xsi="http://www.w3.org/2001/XMLSchema-instance" xsi:schemaLocation="http://www.openarchives.org/OAI/2.0/ http://www.openarchives.org/OAI/2.0/OAI-PMH.xsd"><responseDate>2026-04-30T04:58:29Z</responseDate><request verb="GetRecord" identifier="oai:uvadoc.uva.es:10324/33747" metadataPrefix="marc">https://uvadoc.uva.es/oai/request</request><GetRecord><record><header><identifier>oai:uvadoc.uva.es:10324/33747</identifier><datestamp>2025-03-26T19:45:18Z</datestamp><setSpec>com_10324_33743</setSpec><setSpec>com_10324_5186</setSpec><setSpec>com_10324_29291</setSpec><setSpec>col_10324_33744</setSpec></header><metadata><record xmlns="http://www.loc.gov/MARC21/slim" xmlns:doc="http://www.lyncode.com/xoai" xmlns:xsi="http://www.w3.org/2001/XMLSchema-instance" xmlns:dcterms="http://purl.org/dc/terms/" xsi:schemaLocation="http://www.loc.gov/MARC21/slim http://www.loc.gov/standards/marcxml/schema/MARC21slim.xsd">
<leader>00925njm 22002777a 4500</leader>
<datafield tag="042" ind1=" " ind2=" ">
<subfield code="a">dc</subfield>
</datafield>
<datafield tag="720" ind1=" " ind2=" ">
<subfield code="a">Carvajal Barrios, Giovanna</subfield>
<subfield code="e">author</subfield>
</datafield>
<datafield tag="260" ind1=" " ind2=" ">
<subfield code="c">2018</subfield>
</datafield>
<datafield tag="520" ind1=" " ind2=" ">
<subfield code="a">El artículo presenta la formulación del problema, el marco teórico, el estado del arte y los objetivos de una investigación que se encuentra en desarrollo en la ciudad de Cali (Colombia). El antecedente inmediato del proyecto es un trabajo doctoral, en el que se caracterizan las prácticas de lectura y escritura de dos grupos contrastantes de sujetos (jóvenes universitarios y adultos profesionales) en el ciberespacio. El proyecto –que actualmente se encuentra en su fase de recolección de datos- se propone profundizar en algunos de los hallazgos de dicha investigación, al analizar la incidencia que tiene la relación de los sujetos (en este caso los jóvenes) con la cultura escrita alfabética, en sus modos de leer y escribir al interior de escenarios como WhatsApp, Facebook y Twitter. Así mismo busca establecer comparaciones con un trabajo realizado dos décadas atrás, con el fin de identificar las trasformaciones que se han dado durante este tiempo en la configuración de hábitos juveniles de lectura y escritura.</subfield>
</datafield>
<datafield tag="024" ind2=" " ind1="8">
<subfield code="a">Revista Estudios del Discurso Digital (REDD); Núm. 1 (2018) pags. 30-73</subfield>
</datafield>
<datafield tag="024" ind2=" " ind1="8">
<subfield code="a">2531-0003</subfield>
</datafield>
<datafield tag="024" ind2=" " ind1="8">
<subfield code="a">http://uvadoc.uva.es/handle/10324/33747</subfield>
</datafield>
<datafield tag="024" ind2=" " ind1="8">
<subfield code="a">10.24197/redd.1.2018.30-73</subfield>
</datafield>
<datafield tag="024" ind2=" " ind1="8">
<subfield code="a">30</subfield>
</datafield>
<datafield tag="024" ind2=" " ind1="8">
<subfield code="a">1</subfield>
</datafield>
<datafield tag="024" ind2=" " ind1="8">
<subfield code="a">73</subfield>
</datafield>
<datafield tag="245" ind1="0" ind2="0">
<subfield code="a">Jóvenes universitarios, cultura escrita y ciberespacio. Elementos conceptuales, empíricos y metodológicos para una propuesta de investigación</subfield>
</datafield>
</record></metadata></record></GetRecord></OAI-PMH>